Punjab Problem (Record no. 7728)
[ view plain ]
| 000 -LEADER | |
|---|---|
| fixed length control field | 00598nam a2200241 a 4500 |
| 020 ## - INTERNATIONAL STANDARD BOOK NUMBER | |
| ISBN | |
| 082 00 - DEWEY DECIMAL CLASSIFICATION NUMBER | |
| Classification number | 323.39710954 |
| Author Cutter | MAD |
| 100 ## - MAIN ENTRY--AUTHOR NAME | |
| Author name | Madhok, Balraj |
| 245 ## - TITLE STATEMENT | |
| Title | Punjab Problem |
| Sub title | Muslim Connection. |
| 260 ## - PUBLICATION, DISTRIBUTION, ETC. (IMPRINT) | |
| Place of publication | New Delhi |
| Name of publisher | Vision Books Pvt. Ltd. |
| Year of publication | 1985 |
| 300 ## - PHYSICAL DESCRIPTION | |
| Number of Pages | 172 |
| 500 ## - GENERAL NOTE | |
| General note | includes index and biblioraphy |
| 505 2# - FORMATTED CONTENTS NOTE | |
| Formatted contents note | Index |
| 650 ## - SUBJECT ADDED ENTRY--TOPICAL TERM | |
| Topical Term | Muslims-India-Politics |
| 942 ## - ADDED ENTRY ELEMENTS (KOHA) | |
| Koha item type | Books |
| 700 1# - | |
| -- | Madhok, Balraj |
| Collection code | Home library | Current library | Date acquired | Cost, normal purchase price | Full call number | Accession Number | Koha item type |
|---|---|---|---|---|---|---|---|
| Henry Martyn Institute Library | Henry Martyn Institute Library | 04/09/2007 | 75.00 | 323.39710954 MAD | 012288 | Books |
